Welcome to the Holygrace Academy Library

Please use search bar below to get started

CBSE QUESTION PAPERS - MATHEMATICS - 12TH (Record no. 8948)

MARC details
000 -LEADER
fixed length control field 00369nam a22001337a 4500
082 ## - DEWEY DECIMAL CLASSIFICATION NUMBER
Classification number 510
Item number OSW/C
100 ## - MAIN ENTRY--AUTHOR NAME
Personal name OSWAAL
245 ## - TITLE STATEMENT
Title CBSE QUESTION PAPERS - MATHEMATICS - 12TH
246 ## - VARYING FORM OF TITLE
Title proper/short title CBSE QUESTION PAPERS - MATHEMATICS - 12TH
Remainder of title CBSE QUESTION PAPERS - MATHEMATICS - 12TH
260 ## - PUBLICATION, DISTRIBUTION, ETC. (IMPRINT)
Place of publication NEW DELHI
Name of publisher OSWAAL
Year of publication 2024
300 ## - PHYSICAL DESCRIPTION
Number of Pages 335
650 ## - SUBJECT ADDED ENTRY--TOPICAL TERM
Topical Term MATHEMATICS
942 ## - ADDED ENTRY ELEMENTS (KOHA)
Koha item type Books
Holdings
Withdrawn status Lost status Collection code Home library Current library Shelving location Date acquired Source of acquisition Cost, normal purchase price Full call number Accession Number Koha item type
    Reference Main Library Main Library NEW SHELF WITH NEW ENTRY 05/09/2024 PURCHASED 599.00 510 OSW/C 13712 Books
    Reference Main Library Main Library NEW SHELF WITH NEW ENTRY 05/09/2024 PURCHASED 599.00 510 OSW/C 13713 Books